| 000 | 00768nam a22002057a 4500 | ||
|---|---|---|---|
| 003 | BUBTL | ||
| 008 | 230119b ||||| |||| 00| 0 eng d | ||
| 020 | _a9789844122994 | ||
| 082 | _a891.443/ H7949h/ 2003 | ||
| 100 |
_95175 _aহোসেন, সেলিনা |
||
| 245 |
_aহাঙর নদী গ্রেনেড / _cসেলিনা হোসেন |
||
| 250 | _a1st Edn | ||
| 260 |
_aঢাকা: _bঅনন্যা, _cc2003 |
||
| 300 |
_a111 p.: _c22 cm. |
||
| 505 | _aহাঙর নদী গ্রেনেড, সেলিনা হোসেন, বাংলা সাহিত্য | ||
| 650 | 0 |
_91687 _aবাংলা সাহিত্য |
|
| 856 |
_k0 _l0 _yDownload |
||
| 942 |
_2ddc _cBK |
||
| 999 |
_c6927 _d6927 |
||